Súly alatt a sajtó
Elmentve itt :
| Szerző: | |
|---|---|
| Adatforrás: | Meister |
| Forrásdokumentuma: | Korunk. - 7 sz., 1992, 3-6 p. |
| Nyelv: | magyar |
| Kulcsszavak: | oral-history sajtó Korunk |
| LEADER | 00373nab a2200157 i 4500 | ||
|---|---|---|---|
| 001 | bibPRO00002189 | ||
| 008 | 060524s1992 xx hun | ||
| 040 | |a Sz1 | ||
| 041 | |a hun | ||
| 100 | 1 | |a KÁNTOR Lajos | |
| 245 | 1 | 0 | |a Súly alatt a sajtó |c KÁNTOR Lajos |
| 695 | |a oral-history | ||
| 695 | |a sajtó | ||
| 695 | |a sajtó | ||
| 695 | |a Korunk | ||
| 773 | 0 | |t Korunk. - |g 7 sz., 1992, 3-6 p. | |